A kerületek lakói már eddig is sok társadalmi munkát végeztek
Elmentve itt :
| Dokumentumtípus: | Cikk |
|---|---|
| Megjelent: |
1964-08-04
|
| Sorozat: | Délmagyarország
54 No. 181 |
| Kulcsszavak: | Társadalmi munka lakossági Szeged 1964, társadalmi munka |
| Online Access: | http://dmarchiv.bibl.u-szeged.hu/72376 |
| LEADER | 00482nab a2200145 i 4500 | ||
|---|---|---|---|
| 001 | delm72376 | ||
| 005 | 20180928082630.0 | ||
| 008 | 180928s1964 hu o 0|| hun d | ||
| 040 | |a SZTE Délmagyarország Archívum |b hun | ||
| 041 | |a hun | ||
| 245 | 0 | 2 | |a A kerületek lakói már eddig is sok társadalmi munkát végeztek |h [elektronikus dokumentum] |
| 260 | |c 1964-08-04 | ||
| 300 | |a 3 | ||
| 490 | 0 | |a Délmagyarország |v 54 No. 181 | |
| 695 | |a Társadalmi munka lakossági Szeged 1964, társadalmi munka | ||